Statistiques concernant Émissions jeunesse Québec (2000-2010)

Cliquez ici pour prendre le quiz!

Statistiques générales

  • Ce quiz a été pris 113 fois
  • Le résultat moyen est 7 sur 17

Statistiques - réponses

PersonnagesÉmissions% Correct
MousselineCaillou
78%
BinouToupie et Binou
64%
AzimToc Toc Toc
63%
BagouCornemuse
60%
EdgarSam Chicotte
49%
GeyserKaboum
48%
Laa LaaTélétubbies
45%
Brandon-LeeSubito Texto
42%
Danny PitreUne grenade avec ça
40%
Samuel LangevinTactik
37%
XodiasArgonautes
30%
BlingBlingJohnny Test
23%
PhilVrak la vie
23%
ZiaLes cités d'or
19%
ThéoL'appart du 5e
13%
Olivo123 géants
10%
PiggyIl était une fois dans le trouble
7%

Distribution des résultats

Percentile par nombre de réponses

% des personnes avec chaque résultat

Votre développement - résultats

Vous n’avez pas pris ce quiz